000 03883nam a22003377a 4500
003 OSt
005 20240515025801.0
008 240509b ||||| |||| 00| 0 eng d
040 _bEnglish.
_cCvSU-CCAT Campus Library.
_erda.
050 _aUM QA 76.9.S88
_bEs83 2014
100 _aEstavillo, Clairevy I., author.
_912582
245 _aDevelopment of computerized just-in-time inventory system of Cavite State University-Rosario Campus with product monitoring alarm mechanism /
_cClairevy I. Estavillo, Jessilyn A. Poniente, and Angelyn G. Sanico.
260 _aRosario, Cavite :
_bCavite State University-CCAT Campus,
_c2014.
300 _axvii, 93 leaves :
_billustrations ;
_c28 cm
500 _aA Project Design (BSInfoTech) -- Cavite State University-CCAT Campus, 2014.
504 _aIncludes bibliographical references and appendices.
520 _aPONIENTE, JESSIELYN A., ESTAVILLO, CLAIREVY I., AND SANICO, ANGELYN G. DEVELOPMENT OF COMPUTERIZED JUST-IN-TIME INVENTORY SYSTEM OF CAVITE STATE UNIVERSITY-ROSARIO CAMPUS WITH PRODUCT MONITORING ALARM MECHANISM. A Project Design. Bachelor of Science in Information Technology. Cavite State University Rosario, Rosario, Cavite. April 2014. Adviser: Raiza D. Boreo. The study was conducted from July 2013 to January 2014 in Cavite State University - Rosario Campus, Rosario Cavite to assist the department and supply officer concerning the manual process of inventory system. Specifically the study aimed to: 1. plan a system that can monitor the delivering of supplies on time and to replace the manual monitoring of the supplies; 2. analyze the flow of delivering from receiving to the distribution of the supplies to each department; 3. develop a system that solves problems encountered on manual inventory, 4. evaluate the system according to the specified features; and S. implement the system. In creating the system the researchers conducted an interview to gather necessary data. The supply office, which handles the inventory of the university, had been interviewed of what are the problems they had encountered with existing system and its importance. The researcher had also conducted some interview to those involved the system. For the interface of the system the researchers used Visual Basic 2010 (VB.NET) for the buttons and modules of the system. For the design of the background, color and layouts Photoshop CS6 has been used. For keeping the data database had been used that is provided by a server which is XAMP. For the logical analysis of the system used a type of an SDLC which is the water fall model to analysed the overall flow of the system. To test the effectiveness of the system the researcher conducted a survey. The developer collected 200 participants who were asked to rate the system. Ratings were gathered and analyzed using a software evaluation instrument. Means and Standard deviation were computed to determine the level of acceptance. With the perception of the participant it is evident that the system is accurate, it is free from errors. The system also provides a user-friendly interface, it is reliable and the data is updated. Results shared that the system can be effective inventory system for Cavite State University - Rosario Campus.
546 _aIn English text.
650 _aJust-in-time systems.
_95593
650 _aSystem design.
_92489
650 _aComputer software development.
_911764
650 _aInventory systems.
_912732
650 _aComputer software development.
_911764
650 _aInventory systems.
_912732
700 _aPoniente, Jessilyn A., author.
_912583
700 _aSanico, Angelyn G., author.
_912584
700 _aBorreo, Raiza D., adviser.
_95240
700 _aArayata, Diane P., technical critic.
_94842
942 _2lcc
_cT/M/D
_hQA 76.9.S88 Es83 2014
_kUM
999 _c3436
_d3436